Teaching in the secondary school

שמור ב:
מידע ביבליוגרפי
מחבר ראשי: Savage, Tom V.
פורמט: ספר
שפה:Undetermined
יצא לאור: New Jersey Pearson Prentice Hall 2006
נושאים:
תגים: הוספת תג
אין תגיות, היה/י הראשונ/ה לתייג את הרשומה!
Thư viện lưu trữ: Trung tâm Học liệu Trường Đại học Cần Thơ
LEADER 00610nam a2200205Ia 4500
001 CTU_117812
008 210402s9999 xx 000 0 und d
020 |c 56.67 
082 |a 373.1102 
082 |b S264 
100 |a Savage, Tom V. 
245 0 |a Teaching in the secondary school 
245 0 |c Tom V. Savage, Marsha K. Savage, David G. Armstrong 
260 |a New Jersey 
260 |b Pearson Prentice Hall 
260 |c 2006 
650 |a high school teaching,education, secondary 
650 |z united states,united states 
904 |i Truc 
980 |a Trung tâm Học liệu Trường Đại học Cần Thơ